000 00792naa a2200169 i 4500
001 8637
003 KOSZ 005
005 20180403104018.0
008 180221s2008 pl f |100 0 pol
040 _cKOSZ 005
_aKOSZ 005
_dKOSZ 005/HR
100 1 _aORŁOWSKA, Magdalena.
_bPolitechnika Koszalińska - Wydział Mechaniczny,
_cKatedra Techniki Cieplnej i Chłodnictwa
245 _aBadanie wpływu pól temperatur na intensywność wymiany ciepła podczas konwekcji swobodnej w przestrzeni częściowo ograniczonej /
_cMagdalena Szpakowska, Marian Czapp.
655 0 _aMateriały konferencyjne.
711 2 2 _aZjazd Termodynamików
_n(22 ;
_d2008 ;
_cWrocław, Polska)
773 0 _iW :
_tXX Jubileuszowy Zjazd Termodynamików. T. 2. -
_dWrocław, 2008. -
_gs. 411-416
942 _cROZ
_2UKD
999 _c8637
_d8637